[Event "Bundesliga 2324"]
[Site "Germany"]
[Date "2024.02.23"]
[Round "9.4"]
[White "Gustafsson, Jan"]
[Black "Duda, Jan Krzysztof"]
[Result "0-1"]
[WhiteElo "2620"]
[BlackElo "2726"]
[PlyCount "100"]
[EventDate "2023.10.21"]
[EventType "team-tourn"]
[EventRounds "15"]
[EventCountry "GER"]
[SourceTitle "CB09_2024"]
[SourceDate "2024.02.28"]
[SourceVersion "1"]
[SourceVersionDate "2024.02.28"]
[SourceQuality "1"]
[WhiteTeam "Deizisau"]
[BlackTeam "Viernheim"]
[WhiteTeamCountry "GER"]
[BlackTeamCountry "GER"]

1. d4 d5 2. c4 dxc4 3. Nf3 Nf6 4. e3 e6 5. Bxc4 c5 6. 0-0 a6 7. b3 Nbd7 8. Bb2 Be7 9. dxc5 Bxc5 10. Nbd2 b6 11. Be2 Bb7 12. Nc4 0-0 13. Nfe5 Nxe5 14. Bxe5 b5 15. Nb2 Ne4 16. Nd3 Bb6 17. Rc1 Qd5 18. Bf3 Rad8 19. Bc7 Bxc7 20. Rxc7 Ba8 21. Qc1 Qxd3 22. Rd1 Nd2 23. Bxa8 Nxb3 24. Rxd3 Nxc1 25. Rxd8 Rxd8 26. Rxc1 Rxa8 27. Kf1 Kf8 28. Rc7 b4 29. Ke2 a5 30. e4 g5 31. Kd3 Kg7 32. f3 h5 33. g3 h4 34. Rc5 Kf6 35. Rb5 h3 36. Ke3 Rc8 37. e5+ Kg6 38. Rxa5 Rc2 39. Ra4 Rxh2 40. Rxb4 Rg2 41. Rb1 Rxg3 42. a4 Kf5 43. a5 g4 44. Ra1 Rxf3+ 45. Ke2 h2 46. a6 Ra3 47. Rxa3 h1Q 48. a7 Qa8 49. Ra5 g3 50. Kf1 Qf3+ 0-1

[Event "Bundesliga 2122"]
[Site "Germany"]
[Date "2022.04.30"]
[Round "5.5"]
[White "Gustafsson, Jan"]
[Black "Tomczak, Jacek"]
[Result "1/2-1/2"]
[WhiteElo "2643"]
[BlackElo "2584"]
[PlyCount "51"]
[EventDate "2022.03.05"]
[EventType "team-tourn"]
[EventRounds "15"]
[EventCountry "GER"]
[SourceTitle "EXT 2023"]
[Source "ChessBase"]
[SourceDate "2022.10.05"]
[SourceVersion "1"]
[SourceVersionDate "2022.10.05"]
[SourceQuality "1"]
[WhiteTeam "Baden-Baden"]
[BlackTeam "Berlin SF"]
[WhiteTeamCountry "GER"]
[BlackTeamCountry "GER"]

1. d4 Nf6 2. c4 g6 3. Nc3 d5 4. Nf3 Bg7 5. Bg5 Ne4 6. Bf4 Nxc3 7. bxc3 c5 8. e3 0-0 9. cxd5 cxd4 10. cxd4 Qxd5 11. Be2 Nc6 12. 0-0 Bf5 13. Qa4 Qa5 14. Qxa5 Nxa5 15. Nd2 Rfc8 16. g4 Bd7 17. Rfc1 Rxc1+ 18. Rxc1 Rc8 19. Rxc8+ Bxc8 20. d5 Bc3 21. Ne4 Bb4 22. Bc7 b6 23. Bb8 Bb7 24. Bxa7 Bxd5 25. Bf3 Bxa2 26. Bxb6 1/2-1/2

[Event "GER CupT"]
[Site "Kirchweyhe"]
[Date "2021.07.03"]
[Round "1.2"]
[White "Gustafsson, Jan"]
[Black "Richter, Leonard"]
[Result "1-0"]
[WhiteElo "2643"]
[BlackElo "2272"]
[PlyCount "89"]
[EventDate "2021.07.03"]
[EventType "team-k.o."]
[EventRounds "2"]
[EventCountry "GER"]
[SourceTitle "CBM 203 Extra"]
[Source "ChessBase"]
[SourceDate "2021.09.30"]
[SourceVersion "1"]
[SourceVersionDate "2021.09.30"]
[SourceQuality "1"]
[WhiteTeam "Baden-Baden"]
[BlackTeam "Leipzig SG"]
[WhiteTeamCountry "GER"]
[BlackTeamCountry "GER"]

1. g3 Nf6 2. Bg2 c5 3. c4 Nc6 4. Nc3 g6 5. Nf3 Bg7 6. d4 cxd4 7. Nxd4 0-0 8. 0-0 a6 9. c5 Nxd4 10. Qxd4 d6 11. cxd6 Ne8 12. Qh4 Nxd6 13. Rd1 Bd7 14. Nd5 Re8 15. Bg5 Nf5 16. Qb4 h6 17. Nb6 a5 18. Qc5 Ra6 19. Nxd7 Bd4 20. Rxd4 Nxd4 21. Qxd4 hxg5 22. Rd1 Qc7 23. Qc5 Qxc5 24. Nxc5 Rd6 25. Rxd6 exd6 26. Ne4 Rc8 27. Nxd6 Rc1+ 28. Bf1 b6 29. e4 a4 30. Kg2 Rc2 31. Bb5 Rxb2 32. Bxa4 Rxa2 33. Bb3 Rb2 34. Bxf7+ Kg7 35. Be8 g4 36. Bd7 Rd2 37. e5 Re2 38. e6 Kf6 39. Nc8 b5 40. e7 b4 41. e8Q Rxe8 42. Bxe8 b3 43. Nb6 b2 44. Nd5+ Ke5 45. Nc3 1-0

[Event "Chess24 Banter Blitz Cup Qual-B"]
[Site "chess24.com INT"]
[Date "2020.09.03"]
[Round "1.5"]
[White "Gustafsson, Jan"]
[Black "Supi, Luis Paulo"]
[Result "1-0"]
[WhiteElo "2643"]
[BlackElo "2572"]
[PlyCount "47"]
[EventDate "2020.09.03"]
[EventType "k.o. (blitz)"]
[EventRounds "3"]
[EventCountry "GER"]
[SourceTitle "CBM 198 Extra"]
[Source "ChessBase"]
[SourceDate "2020.11.30"]
[SourceVersion "1"]
[SourceVersionDate "2020.11.30"]
[SourceQuality "1"]

1. d4 Nf6 2. c4 e6 3. Nf3 b6 4. g3 Ba6 5. Qa4 Bb7 6. Bg2 Be7 7. 0-0 0-0 8. Nc3 Ne4 9. Nxe4 Bxe4 10. Bf4 d6 11. Rfd1 Qe8 12. Qb3 Nd7 13. Rac1 Qb8 14. Bh3 a5 15. Nd2 Bb7 16. e4 a4 17. Qc2 Ra5 18. d5 Nc5 19. b4 axb3 20. axb3 Qa8 21. b4 Ra2 22. Qb1 e5 23. Be3 Nxe4 24. Nxe4 1-0

[Event "Chess24 Banter Blitz Cup Qual-B"]
[Site "chess24.com INT"]
[Date "2020.09.03"]
[Round "1.2"]
[White "Supi, Luis Paulo"]
[Black "Gustafsson, Jan"]
[Result "1/2-1/2"]
[WhiteElo "2572"]
[BlackElo "2643"]
[PlyCount "202"]
[EventDate "2020.09.03"]
[EventType "k.o. (blitz)"]
[EventRounds "3"]
[EventCountry "GER"]
[SourceTitle "CBM 198 Extra"]
[Source "ChessBase"]
[SourceDate "2020.11.30"]
[SourceVersion "1"]
[SourceVersionDate "2020.11.30"]
[SourceQuality "1"]

1. e4 e5 2. Nf3 Nc6 3. Bc4 Nf6 4. d3 Bc5 5. 0-0 d6 6. c3 h6 7. a4 a5 8. Nbd2 0-0 9. Bb3 Be6 10. Bc2 d5 11. exd5 Nxd5 12. Ne4 Be7 13. Re1 f5 14. Ng3 Bd6 15. Nd4 Nxd4 16. cxd4 f4 17. Ne4 Bb4 18. Nc5 Bxc5 19. dxc5 f3 20. Rxe5 Qf6 21. Qe1 Rae8 22. Bb3 c6 23. Bxd5 cxd5 24. Bd2 d4 25. g3 Bd7 26. Rxe8 Rxe8 27. Qf1 Re2 28. Bxa5 Qf5 29. Re1 Qxd3 30. Rd1 Qe4 31. c6 Bxc6 32. Bb6 d3 33. Be3 Rxe3 34. fxe3 f2+ 35. Kxf2 Qf3+ 36. Kg1 Qh1+ 37. Kf2 Qf3+ 38. Kg1 Qh1+ 39. Kf2 Qxh2+ 40. Ke1 Bxa4 41. Rxd3 Qxg3+ 42. Qf2 Qe5 43. Rd4 Bc6 44. Qf4 Qe7 45. e4 h5 46. e5 h4 47. Qxh4 Qxe5+ 48. Kd2 Qa5+ 49. b4 Qa2+ 50. Ke3 Qe6+ 51. Kf2 Qf5+ 52. Qf4 Qc2+ 53. Rd2 Qc3 54. Rd8+ Kh7 55. Qh4+ Kg6 56. Qg3+ Qxg3+ 57. Kxg3 Kf6 58. Rf8+ Ke6 59. Rg8 Kd5 60. Rxg7 Kc4 61. Rg4+ Kb5 62. Rd4 Be8 63. Rf4 Bc6 64. Rd4 Be8 65. Kf4 Bf7 66. Rd7 Bc4 67. Rxb7+ Ka4 68. Ke3 Bb5 69. Kd4 Kxb4 70. Rb8 Ka4 71. Kc3 Bd7 72. Rb6 Ka5 73. Rb1 Bb5 74. Kd4 Ka4 75. Kc5 Bd7 76. Rb4+ Ka3 77. Kc4 Ka2 78. Kc3 Ka1 79. Rf4 Be6 80. Rf1+ Ka2 81. Re1 Bf7 82. Re7 Bg6 83. Re6 Bf5 84. Rf6 Be4 85. Ra6+ Kb1 86. Rb6+ Ka1 87. Rb4 Bb1 88. Kb3 Ba2+ 89. Ka3 Bb1 90. Rh4 Bd3 91. Kb3 Bf5 92. Ra4+ Kb1 93. Kc3 Bd7 94. Ra7 Be6 95. Rb7+ Ka1 96. Kc2 Bf5+ 97. Kc1 Ka2 98. Rb5 Be4 99. Rb4 Bf5 100. Kd2 Bg6 101. Kc3 Bf5 1/2-1/2

[Event "Chess24 Banter Blitz Cup Qual-B"]
[Site "chess24.com INT"]
[Date "2020.09.03"]
[Round "1.4"]
[White "Supi, Luis Paulo"]
[Black "Gustafsson, Jan"]
[Result "1-0"]
[WhiteElo "2572"]
[BlackElo "2643"]
[PlyCount "59"]
[EventDate "2020.09.03"]
[EventType "k.o. (blitz)"]
[EventRounds "3"]
[EventCountry "GER"]
[SourceTitle "CBM 198 Extra"]
[Source "ChessBase"]
[SourceDate "2020.11.30"]
[SourceVersion "1"]
[SourceVersionDate "2020.11.30"]
[SourceQuality "1"]

1. e4 e5 2. Nf3 Nc6 3. Bc4 Nf6 4. d3 Bc5 5. Bg5 h6 6. Bh4 Be7 7. Bg3 d6 8. a4 0-0 9. 0-0 g6 10. h3 Kg7 11. Re1 Na5 12. Ba2 c5 13. c3 Be6 14. Bxe6 fxe6 15. d4 exd4 16. cxd4 Nc6 17. dxc5 dxc5 18. Qb3 Qd7 19. Nc3 Nh5 20. Rad1 Qc8 21. Nb5 Nxg3 22. fxg3 a6 23. Nd6 Qc7 24. e5 Nxe5 25. Rxe5 Bxd6 26. Rxe6 Rad8 27. Qc2 Rf6 28. Rxf6 Kxf6 29. Nh4 Rg8 30. Qe4 1-0

[Event "Bundesliga 1920"]
[Site "Germany"]
[Date "2020.02.23"]
[Round "8.8"]
[White "Gustafsson, Jan"]
[Black "Reuker, Jari"]
[Result "1/2-1/2"]
[WhiteElo "2645"]
[BlackElo "2379"]
[PlyCount "89"]
[EventDate "2019.11.23"]
[EventType "team-tourn"]
[EventRounds "15"]
[EventCountry "GER"]
[SourceTitle "CBM 195 Extra"]
[Source "ChessBase"]
[SourceDate "2020.05.31"]
[SourceVersion "1"]
[SourceVersionDate "2020.05.31"]
[SourceQuality "1"]
[WhiteTeam "Baden-Baden"]
[BlackTeam "Werder Bremen"]
[WhiteTeamCountry "GER"]
[BlackTeamCountry "GER"]

1. c4 Nf6 2. Nc3 g6 3. g3 Bg7 4. Bg2 0-0 5. d4 d6 6. Nf3 Nc6 7. 0-0 a6 8. b3 Rb8 9. d5 Na5 10. Bg5 h6 11. Bd2 c5 12. dxc6 bxc6 13. c5 dxc5 14. Qc1 c4 15. b4 Rxb4 16. Bxh6 c5 17. Qg5 Qb6 18. Bxg7 Kxg7 19. e4 Nc6 20. e5 Nh7 21. Qe3 Rd8 22. Qf4 Be6 23. Rac1 Rd3 24. Ng5 Nxg5 25. Qxg5 Nd4 26. Rfe1 Qd8 27. h4 Rxc3 28. Rxc3 Ne2+ 29. Rxe2 Qd1+ 30. Kh2 Rb1 31. g4 Qxe2 32. Rf3 Bd5 33. Qxe7 Bxf3 34. Qf6+ Kg8 35. h5 Qd1 36. Bxf3 Qg1+ 37. Kh3 Qf1+ 38. Kg3 gxh5 39. Qg5+ Kf8 40. Qd8+ Kg7 41. Qf6+ Kg8 42. Qg5+ Kf8 43. Qh6+ Kg8 44. Qg5+ Kf8 45. Qd8+ 1/2-1/2

[Event "Chess24 Banter Blitz Cup"]
[Site "chess24.com INT"]
[Date "2020.01.04"]
[Round "2.2"]
[White "Edouard, Romain"]
[Black "Gustafsson, Jan"]
[Result "0-1"]
[WhiteElo "2641"]
[BlackElo "2645"]
[PlyCount "118"]
[EventDate "2019.09.25"]
[EventType "k.o. (blitz)"]
[EventRounds "7"]
[EventCountry "USA"]
[SourceTitle "CBM 194 Extra"]
[Source "ChessBase"]
[SourceDate "2020.03.31"]
[SourceVersion "1"]
[SourceVersionDate "2020.03.31"]
[SourceQuality "1"]

1. d4 Nf6 2. c4 e6 3. Nc3 Bb4 4. Nf3 b6 5. Qb3 c5 6. Bg5 Bb7 7. e3 Nc6 8. d5 exd5 9. cxd5 Na5 10. Qc2 h6 11. Bh4 Bxd5 12. 0-0-0 Bxc3 13. Qxc3 Be6 14. Kb1 0-0 15. Ne5 Ne4 16. Bxd8 Nxc3+ 17. bxc3 Rfxd8 18. Nd3 g5 19. h4 Kg7 20. Be2 d5 21. hxg5 hxg5 22. f4 f6 23. fxg5 fxg5 24. Rh5 Rh8 25. Rxg5+ Kf6 26. Rg3 Rag8 27. Rf3+ Ke7 28. Nf4 Rg5 29. Rf2 Nc6 30. Bf3 Rd8 31. Rfd2 Ne5 32. Bxd5 Bxd5 33. Rxd5 Rxd5 34. Rxd5 Nf7 35. Rxg5 Nxg5 36. Kc2 Kd6 37. Kd3 b5 38. Nh3 Nf7 39. Ke4 a5 40. g4 a4 41. g5 b4 42. g6 b3 43. axb3 a3 44. gxf7 Ke7 45. Ng5 a2 46. Kf5 a1Q 47. Kg6 Qxc3 48. Nh7 Qd3+ 49. Kg7 Qc3+ 50. Kg8 Qxb3 51. Ng5 Qd5 52. Nh7 Qxf7+ 53. Kh8 Qg6 54. e4 c4 55. Ng5 Qxg5 56. Kh7 c3 57. Kh8 c2 58. Kh7 c1Q 59. Kh8 Qh1# 0-1

[Event "Chess24 Banter Blitz Cup"]
[Site "chess24.com INT"]
[Date "2020.01.04"]
[Round "2.4"]
[White "Edouard, Romain"]
[Black "Gustafsson, Jan"]
[Result "0-1"]
[WhiteElo "2641"]
[BlackElo "2645"]
[PlyCount "104"]
[EventDate "2019.09.25"]
[EventType "k.o. (blitz)"]
[EventRounds "7"]
[EventCountry "USA"]
[SourceTitle "CBM 194 Extra"]
[Source "ChessBase"]
[SourceDate "2020.03.31"]
[SourceVersion "1"]
[SourceVersionDate "2020.03.31"]
[SourceQuality "1"]

1. c4 c5 2. Nf3 Nc6 3. b3 e5 4. Bb2 d6 5. g3 g6 6. Bg2 Bg7 7. 0-0 Nge7 8. d3 0-0 9. Nc3 h6 10. e3 Be6 11. Nd2 d5 12. cxd5 Nxd5 13. Nxd5 Bxd5 14. Bxd5 Qxd5 15. Ne4 Rad8 16. Qe2 f5 17. Nc3 Qxd3 18. Qxd3 Rxd3 19. Rfd1 Rfd8 20. Rxd3 Rxd3 21. Kf1 Rd2 22. Rb1 e4 23. Na4 b6 24. Ke1 Rc2 25. Bxg7 Kxg7 26. Rb2 Rxb2 27. Nxb2 Nb4 28. a4 Kf6 29. Kd2 Ke6 30. Kc3 Kd5 31. h4 g5 32. h5 Nc6 33. Nc4 Ne5 34. Na3 a6 35. Nc2 Nd3 36. f4 g4 37. Na3 Nc1 38. Nc4 Ne2+ 39. Kd2 Nxg3 40. Nxb6+ Kc6 41. Nc4 Nxh5 42. Ne5+ Kd5 43. Nf7 Nf6 44. Nxh6 Ke6 45. Ke2 a5 46. Kf2 Nd5 47. Ng8 Nb4 48. Kg3 Nc2 49. Kf2 Na1 50. Ke2 Nxb3 51. Nh6 c4 52. Nxg4 fxg4 0-1

[Event "Chess24 Banter Blitz Cup"]
[Site "chess24.com INT"]
[Date "2020.01.04"]
[Round "2.8"]
[White "Edouard, Romain"]
[Black "Gustafsson, Jan"]
[Result "1-0"]
[WhiteElo "2641"]
[BlackElo "2645"]
[PlyCount "137"]
[EventDate "2019.09.25"]
[EventType "k.o. (blitz)"]
[EventRounds "7"]
[EventCountry "USA"]
[SourceTitle "CBM 194 Extra"]
[Source "ChessBase"]
[SourceDate "2020.03.31"]
[SourceVersion "1"]
[SourceVersionDate "2020.03.31"]
[SourceQuality "1"]

1. d4 Nf6 2. Nf3 d5 3. Bf4 e6 4. e3 Bd6 5. Bg3 b6 6. Bd3 0-0 7. Nbd2 c5 8. c3 Ba6 9. Bxa6 Nxa6 10. 0-0 Bxg3 11. hxg3 Nb8 12. Ne5 Nfd7 13. f4 f6 14. Nd3 Nc6 15. g4 e5 16. c4 dxc4 17. d5 cxd3 18. dxc6 Nb8 19. Qb3+ Kh8 20. fxe5 Nxc6 21. exf6 Rxf6 22. Rxf6 Qxf6 23. Qxd3 Qxb2 24. Rf1 h6 25. Nc4 Qxa2 26. g5 Rd8 27. Qe4 hxg5 28. Rf3 g4 29. Qxg4 Nd4 30. Rh3+ Kg8 31. Ne5 Qe6 32. exd4 Qxg4 33. Nxg4 Rxd4 34. Ne3 a5 35. Nf5 Rd7 36. Rb3 Rb7 37. Nd6 Rb8 38. Nb5 Kf7 39. Kf2 Ke6 40. Ke3 Kd5 41. Rb1 c4 42. Nc3+ Kc5 43. Rb5+ Kc6 44. Kd4 Rf8 45. Rg5 Rf4+ 46. Ke3 Rf6 47. Rxg7 b5 48. Ra7 Kb6 49. Ra8 Re6+ 50. Kd4 Rd6+ 51. Nd5+ Kc6 52. Ra6+ Kd7 53. Rxa5 Ke6 54. Rxb5 c3 55. Kxc3 Rxd5 56. Rxd5 Kxd5 57. Kd3 Ke5 58. Ke3 Kf5 59. Kf2 Kf4 60. g3+ Kg4 61. Kg2 Kg5 62. Kf3 Kf5 63. g4+ Kg5 64. Kg3 Kg6 65. Kf3 Kg5 66. Kg3 Kf6 67. Kh4 Kg6 68. g5 Kf5 69. Kh5 1-0

[Event "Chess24 Banter Blitz Cup"]
[Site "chess24.com INT"]
[Date "2020.01.04"]
[Round "2.3"]
[White "Gustafsson, Jan"]
[Black "Edouard, Romain"]
[Result "0-1"]
[WhiteElo "2645"]
[BlackElo "2641"]
[PlyCount "112"]
[EventDate "2019.09.25"]
[EventType "k.o. (blitz)"]
[EventRounds "7"]
[EventCountry "USA"]
[SourceTitle "CBM 194 Extra"]
[Source "ChessBase"]
[SourceDate "2020.03.31"]
[SourceVersion "1"]
[SourceVersionDate "2020.03.31"]
[SourceQuality "1"]

1. d4 e6 2. c4 Nf6 3. Nf3 c5 4. Nc3 cxd4 5. Nxd4 Nc6 6. Bf4 d6 7. Nxc6 bxc6 8. g3 Be7 9. Bg2 d5 10. 0-0 0-0 11. Qa4 Qb6 12. Rac1 Qxb2 13. Qxc6 Bd7 14. Qa6 Rac8 15. Be5 Qb6 16. Qxb6 axb6 17. cxd5 exd5 18. Bxf6 Bxf6 19. Nxd5 Bd8 20. Rxc8 Bxc8 21. Rb1 Be6 22. a4 Bxd5 23. Bxd5 Bc7 24. Rc1 Bd6 25. Rc6 Rd8 26. e4 Kf8 27. Kg2 g6 28. Rxb6 f5 29. a5 fxe4 30. Bxe4 Bc7 31. Rb7 Bxa5 32. Rxh7 Rd6 33. Rb7 Bb6 34. f4 Rd2+ 35. Kf3 Rd6 36. h4 Bd8 37. Kg4 Be7 38. Ra7 Rb6 39. Rd7 Rf6 40. Rd5 Kf7 41. h5 gxh5+ 42. Rxh5 Rd6 43. Bf5 Kf8 44. Rh7 Rd2 45. Rh8+ Kg7 46. Rh7+ Kf8 47. Rh6 Rg2 48. Ra6 Rg1 49. Kf3 Bb4 50. g4 Be1 51. Ra8+ Ke7 52. Ra7+ Kd6 53. g5 Rg3+ 54. Ke4 Bd2 55. Ra6+ Kc5 56. Ra2 Re3# 0-1

[Event "Bundesliga 1920"]
[Site "Germany"]
[Date "2019.12.07"]
[Round "3.3"]
[White "Gustafsson, Jan"]
[Black "Naumann, Alexander"]
[Result "1-0"]
[WhiteElo "2645"]
[BlackElo "2543"]
[PlyCount "49"]
[EventDate "2019.11.23"]
[EventType "team-tourn"]
[EventRounds "15"]
[EventCountry "GER"]
[SourceTitle "CBM 193 Extra"]
[Source "ChessBase"]
[SourceDate "2020.01.31"]
[SourceVersion "1"]
[SourceVersionDate "2020.01.31"]
[SourceQuality "1"]
[WhiteTeam "Baden-Baden"]
[BlackTeam "Solingen"]
[WhiteTeamCountry "GER"]
[BlackTeamCountry "GER"]

1. c4 Nf6 2. Nc3 d5 3. cxd5 Nxd5 4. g3 c5 5. Bg2 Nc7 6. d3 Nc6 7. Bxc6+ bxc6 8. Nf3 Ne6 9. Qa4 Nd4 10. Be3 Nxf3+ 11. exf3 g6 12. Bxc5 Bg7 13. Qxc6+ Bd7 14. Qe4 Rc8 15. d4 Bc6 16. Qe3 0-0 17. 0-0 Qd7 18. Rfd1 Qf5 19. Ne4 Qd5 20. Bxe7 Rfe8 21. Bf6 Re6 22. Bxg7 Kxg7 23. Rac1 Bb7 24. Rxc8 Bxc8 25. Qb3 1-0

[Event "Chess24 Banter Blitz Cup"]
[Site "chess24.com INT"]
[Date "2019.10.08"]
[Round "1.2"]
[White "Suarez Garcia, Carlos"]
[Black "Gustafsson, Jan"]
[Result "1-0"]
[WhiteElo "2445"]
[BlackElo "2645"]
[PlyCount "87"]
[EventDate "2019.09.25"]
[EventType "k.o. (blitz)"]
[EventRounds "7"]
[EventCountry "USA"]
[SourceTitle "CBM 195 Extra"]
[Source "ChessBase"]
[SourceDate "2020.05.31"]
[SourceVersion "1"]
[SourceVersionDate "2020.05.31"]
[SourceQuality "1"]

1. Nf3 d5 2. b3 c5 3. e3 Nc6 4. Bb2 Nf6 5. Bb5 Bd7 6. Bxc6 Bxc6 7. Ne5 Rc8 8. 0-0 e6 9. c4 Be7 10. Nxc6 Rxc6 11. cxd5 Qxd5 12. d4 0-0 13. Nc3 Qf5 14. Ne2 Rd8 15. Ng3 Qd5 16. Rc1 h5 17. Qf3 h4 18. Qxd5 Rxd5 19. Ne2 Ra6 20. a4 Rb6 21. Nf4 Rd8 22. Ba3 Ne4 23. Bxc5 Bxc5 24. dxc5 Rxb3 25. c6 bxc6 26. Rxc6 Rd2 27. Rc4 Nd6 28. Rd4 Rxd4 29. exd4 Rb4 30. g3 Rxa4 31. Rb1 Rxd4 32. Rb8+ Kh7 33. Ra8 e5 34. Nh3 hxg3 35. hxg3 Ra4 36. Ng5+ Kg6 37. Nf3 f6 38. Rd8 Ne4 39. Nh4+ Kg5 40. Rd7 Ra1+ 41. Kg2 Ra2 42. Rxg7+ Kh6 43. Nf5+ Kh5 44. g4# 1-0

[Event "Chess24 Banter Blitz Cup"]
[Site "chess24.com INT"]
[Date "2019.10.08"]
[Round "1.12"]
[White "Suarez Garcia, Carlos"]
[Black "Gustafsson, Jan"]
[Result "1/2-1/2"]
[WhiteElo "2445"]
[BlackElo "2645"]
[PlyCount "153"]
[EventDate "2019.09.25"]
[EventType "k.o. (blitz)"]
[EventRounds "7"]
[EventCountry "USA"]
[SourceTitle "CBM 195 Extra"]
[Source "ChessBase"]
[SourceDate "2020.05.31"]
[SourceVersion "1"]
[SourceVersionDate "2020.05.31"]
[SourceQuality "1"]

1. Nf3 Nf6 2. b3 g6 3. Bb2 Bg7 4. g3 0-0 5. Bg2 c5 6. c4 Nc6 7. 0-0 d6 8. d4 cxd4 9. Nxd4 Bd7 10. Nc3 Qa5 11. e3 Rfc8 12. h3 a6 13. Qe2 Rab8 14. Nxc6 Bxc6 15. Rac1 Bxg2 16. Kxg2 b5 17. cxb5 axb5 18. Rc2 b4 19. Na4 Qa8+ 20. Kh2 Rxc2 21. Qxc2 Qf3 22. Bxf6 Bxf6 23. Qd1 Qe4 24. Qd2 h5 25. h4 Rb5 26. f3 Qb7 27. e4 d5 28. Re1 dxe4 29. Rxe4 Kg7 30. Re3 Qc6 31. Rd3 Rb8 32. Kg2 Qb5 33. Rd5 Qc6 34. Rd3 Rc8 35. Qxb4 Qc2+ 36. Qd2 Qb1 37. Qe2 Qc1 38. Rd2 Rc6 39. Qf2 Re6 40. Re2 Rd6 41. Re1 Qc6 42. Qe2 Re6 43. Qd1 Rd6 44. Qc1 Qd5 45. Re2 g5 46. hxg5 Bxg5 47. Qc4 Qxc4 48. bxc4 h4 49. f4 Bf6 50. g4 Rc6 51. c5 e6 52. Rc2 Be7 53. g5 f6 54. Rc4 fxg5 55. fxg5 Bxg5 56. Kh3 Kf6 57. Kg4 e5 58. Nc3 Ke6 59. Ne4 Kd5 60. Rb4 Be7 61. Nc3+ Ke6 62. Ra4 Rxc5 63. Ne4 Rc2 64. Ra6+ Kf7 65. Ng5+ Bxg5 66. Kxg5 h3 67. Kf5 h2 68. Ra7+ Ke8 69. Rh7 Kd8 70. Ke6 Kc8 71. Rh8+ Kb7 72. Rh3 Kb6 73. Rb3+ Ka5 74. Kd5 Ka4 75. Ra3+ Kxa3 76. Kxe5 Kxa2 77. Kd5 1/2-1/2

[Event "GER-ch blitz"]
[Site "Magdeburg"]
[Date "2019.05.25"]
[Round "11"]
[White "Gustafsson, Jan"]
[Black "Buhmann, Rainer"]
[Result "1-0"]
[WhiteElo "2639"]
[BlackElo "2573"]
[PlyCount "45"]
[EventDate "2019.05.25"]
[EventType "tourn (blitz)"]
[EventRounds "29"]
[EventCountry "GER"]
[SourceTitle "CBM 190 Extra"]
[Source "ChessBase"]
[SourceDate "2019.07.15"]
[SourceVersion "1"]
[SourceVersionDate "2019.07.15"]
[SourceQuality "1"]

1. c4 e6 2. Nc3 d5 3. d4 Nf6 4. cxd5 exd5 5. Bg5 Be7 6. e3 0-0 7. Bd3 Re8 8. Qc2 h6 9. Bh4 c5 10. dxc5 d4 11. Bxf6 Bxf6 12. Ne4 dxe3 13. fxe3 Bg5 14. 0-0-0 Bxe3+ 15. Kb1 Qc7 16. Nf3 Be6 17. Rhe1 Bf4 18. g3 f5 19. gxf4 fxe4 20. Rxe4 Qf7 21. Rxe6 Rxe6 22. Bc4 Nc6 23. f5 1-0

[Event "GER-ch blitz"]
[Site "Magdeburg"]
[Date "2019.05.25"]
[Round "23"]
[White "Gustafsson, Jan"]
[Black "Carow, Johannes"]
[Result "0-1"]
[WhiteElo "2639"]
[BlackElo "2445"]
[PlyCount "73"]
[EventDate "2019.05.25"]
[EventType "tourn (blitz)"]
[EventRounds "29"]
[EventCountry "GER"]
[SourceTitle "CBM 190 Extra"]
[Source "ChessBase"]
[SourceDate "2019.07.15"]
[SourceVersion "1"]
[SourceVersionDate "2019.07.15"]
[SourceQuality "1"]

1. Nf3 c5 2. c4 Nc6 3. d4 cxd4 4. Nxd4 Qb6 5. Nc2 Nf6 6. Nc3 e6 7. g3 Ne5 8. Bg2 Nxc4 9. b3 Qa5 10. Qd4 Nb6 11. b4 Qh5 12. 0-0 Be7 13. a4 d5 14. a5 Nc4 15. e4 Ng4 16. h3 Bf6 17. Qd1 Bxc3 18. hxg4 Qg6 19. Ra2 0-0 20. exd5 exd5 21. Qxd5 Be6 22. Qh5 Rad8 23. Qxg6 hxg6 24. Ra4 b5 25. axb6 axb6 26. b5 Nd2 27. Bxd2 Rxd2 28. Ne3 Bd4 29. Re1 Bc5 30. g5 Rfd8 31. Bc6 Rb2 32. Kg2 Be7 33. Ra7 Bxg5 34. Rd1 Rxd1 35. Nxd1 Rd2 36. Nc3 f5 37. Rb7 0-1

[Event "GER-ch blitz"]
[Site "Magdeburg"]
[Date "2019.05.25"]
[Round "21"]
[White "Gustafsson, Jan"]
[Black "Krause, Benedict"]
[Result "1-0"]
[WhiteElo "2639"]
[BlackElo "2434"]
[PlyCount "63"]
[EventDate "2019.05.25"]
[EventType "tourn (blitz)"]
[EventRounds "29"]
[EventCountry "GER"]
[SourceTitle "CBM 190 Extra"]
[Source "ChessBase"]
[SourceDate "2019.07.15"]
[SourceVersion "1"]
[SourceVersionDate "2019.07.15"]
[SourceQuality "1"]

1. Nf3 Nf6 2. c4 c5 3. d4 cxd4 4. Nxd4 g6 5. Nc3 d5 6. Nf3 Be6 7. Ng5 d4 8. Nxe6 fxe6 9. Nb1 Bg7 10. g3 Nc6 11. Bg2 0-0 12. 0-0 e5 13. Nd2 Qb6 14. b3 a5 15. Ne4 Nxe4 16. Bxe4 e6 17. Rb1 Ne7 18. a3 Qc7 19. Qd3 Nf5 20. Bd2 Nd6 21. Bg2 a4 22. Rfc1 Qf7 23. Be1 Qf5 24. Qxf5 gxf5 25. Bb4 Rfd8 26. Bxd6 Rxd6 27. c5 Rd7 28. c6 bxc6 29. Bxc6 Rda7 30. Bxa8 Rxa8 31. b4 e4 32. b5 1-0

[Event "GER-ch blitz"]
[Site "Magdeburg"]
[Date "2019.05.25"]
[Round "5"]
[White "Gustafsson, Jan"]
[Black "Svane, Frederik"]
[Result "1-0"]
[WhiteElo "2639"]
[BlackElo "2342"]
[PlyCount "53"]
[EventDate "2019.05.25"]
[EventType "tourn (blitz)"]
[EventRounds "29"]
[EventCountry "GER"]
[SourceTitle "CBM 190 Extra"]
[Source "ChessBase"]
[SourceDate "2019.07.15"]
[SourceVersion "1"]
[SourceVersionDate "2019.07.15"]
[SourceQuality "1"]

1. c4 Nf6 2. Nc3 g6 3. e4 d6 4. d4 Bg7 5. Be2 0-0 6. Be3 e5 7. d5 Na6 8. g4 Nc5 9. Bf3 c6 10. b4 cxd5 11. cxd5 Na6 12. a3 Nc7 13. g5 Nd7 14. h4 a5 15. h5 axb4 16. axb4 Rxa1 17. Qxa1 Na6 18. Qa3 Qc7 19. Be2 Nb6 20. Nb5 Qd8 21. Qa5 Na8 22. Nf3 Qxa5 23. bxa5 Bd7 24. Nxd6 gxh5 25. Nxb7 Nb4 26. Kd2 Rb8 27. a6 1-0